Collected memories [elektronický zdroj] : Holocaust history and postwar testimony / Christopher R. Browning.
Record details
- Physical Description: x, 105 p. ; 23 cm
- Publisher: Madison, Wis. : The University of Wisconsin Press, c2003
Content descriptions
| Bibliography, etc. Note: | Obsahuje bibliografické odkazy |
| Reproduction Note: | Elektronická reprodukce. Palo Alto, Calif. : ebrary, 2009. |
Search for related items by series
Available copies
- 1 of 1 copy available at Common Catalog SPOK.
Holds
- 0 current holds with 1 total copy.
Show Only Available Copies
| Location | Call Number / Copy Notes | Barcode | Shelving Location | Status | Due Date |
|---|---|---|---|---|---|
| Terezin Initiative Institute | 5142 | 4594305142 | Knihovna ITI | Available | - |
Electronic resources
| LDR | 01586nam a2200385 a 4500 | ||
|---|---|---|---|
| 001 | 27930 | ||
| 003 | CZ-PrJAB | ||
| 005 | 20221122053355.0 | ||
| 006 | m u | ||
| 008 | 030326s2003 xxu grb 000 0 eng | ||
| 020 | . | ‡z0-299-18980-5 (hardcover : alk. paper) | |
| 020 | . | ‡z0-299-18984-8 (pbk. : alk. paper) | |
| 035 | . | ‡a(CONS)2752 | |
| 035 | . | ‡a(CZ PrSKC)ebr10217095 | |
| 040 | . | ‡aCaPaEBR ‡bcze ‡dABA001 | |
| 100 | 1 | . | ‡aBrowning, Christopher R. |
| 245 | 1 | 0. | ‡aCollected memories ‡h[elektronický zdroj] : ‡bHolocaust history and postwar testimony / ‡cChristopher R. Browning. |
| 260 | . | ‡aMadison, Wis. : ‡bThe University of Wisconsin Press, ‡cc2003 | |
| 300 | . | ‡ax, 105 p. ; ‡c23 cm | |
| 490 | 1 | . | ‡aGeorge L. Mosse series in modern European cultural and intellectual history |
| 504 | . | ‡aObsahuje bibliografické odkazy | |
| 533 | . | ‡aElektronická reprodukce. ‡bPalo Alto, Calif. : ‡cebrary, ‡d2009. | |
| 710 | 2 | . | ‡aebrary, Inc. ‡7kn20081114008 |
| 830 | 0. | ‡aGeorge L. Mosse series in modern European cultural and intellectual history. | |
| 856 | 4 | 0. | ‡uhttp://site.ebrary.com/lib/natl/Doc?id=10217095 ‡yPlný text - pro registrované uživatele NK ČR ‡4N |
| 852 | 4 | . | ‡bJACH-ITI ‡bJACH-ITI ‡cKnihovna ITI ‡j5142 ‡p5142 ‡y$0.00 |
| 910 | . | ‡aABE340 ‡b5142 | |
| 995 | . | ‡askok | |
| 901 | . | ‡a27930 ‡bSystem ‡c27930 ‡tbiblio | |